00753 2200253 4500001002100000005001500021035002000036007000300056008004100059020002200100082000800122084001400130100002600144245012400170250001100294260004600305300003200351650001300383700002200396700002100418990002000439990002000459990002000479INLIS00000000134585420240909023635 a0010-0924000214ta240909 g 0 ind  a978-623-164-731-3 a195 a195 CIC c1 aCicero Marcus tullius1 aCicero :bSurat surat cicero /cMarcus Tullius Cicero; Penyunting, Astria Sekar Arum; Pengalih Bahasa, Yanti Nur Aminah aCet. 1 aYogyakarta :bAnak Hebat Indonesia,c2024 a[xiv] 178 hlm :b. ;c19 cm 4aFilsafat0 aAstria Sekar Arum aYanti Nur Aminah a00748/PMDM/2024 a00749/PMDM/2024 a00750/PMDM/2024